1412 1359 1176 1237 1799 1285 1639 1319 1979 1235 1633 1581 1459 1724 1218 1259 1952 1558 1674 1634 1885 1543 1599 1770 1429 1760 1992 1919 1620 1931 1147 1468 1808 1225 1822 1955 1778 1230 1360 1955 1004 1852 1054 1446 1412 1511 1565 1658 1005 1855 1743 1534 1307 1898 1764 1456 1566 1765 1078 1293 1587 1050 1785 1525 1592 1617 1189 1857 1915 1163 1607 1448 1928 1793 1424 1497 1891 1163 1254 1465 1068 1181 1233 1754 1792 1828 1536 1571 1488 1470 1449 1924 1513 1015 1775 1615 1563 1100 1834 BCNSPRNW ULIB Ver.6.0+V

เปลี่ยนเป็นภาษาไทย

Change to English
 แสดงรายละเอียดบรรณานุกรม
  กลับหน้าหลัก

Brief Record : Get Marc (ISO 2709) : E-mail record : QR code < ปิดหน้าต่าง
LEADER : 00000nam 2200000uu 4500
001    13399122785
003     ULIB
008    130923s2555||||th 000 0 tha d
020    ^a9786165143264
060  4 ^aWS113^bพ639ก
100    ^aพิชญวดี สุกฤตศิลป์
245    ^a1001 กิจกรรมสร้าง IO และ EQ ให้ลูกเป็นอัจฉริยะ. /^cโดย พิชญวดี สุกฤตศิลป์
250    ^aพิมพ์ครั้งที่ 1
260    ^aกรุงเทพฯ :^bไทยควอลิตี้บุคส์,^c2555
300    ^a336 หน้า
650    ^aเลี้ยงลูก
650    ^aความฉลาดทางอารมณ์
945    ^p220^l0^i034011
945    ^p220^l0^i034014
999    ^aเกษร โพธิ์สุวรรณ
รายการนี้ยังไม่มีแท็ก
คุณยังไม่ได้ล็อกอิน คุณสามารถมีกิจกรรมร่วมกับเว็บไซต์ได้ แต่ต้องล็อกอินก่อน ::
  ล็อกอิน

รายการสื่อสารสนเทศ

ลำดับที่ ประเภท เลขเรียก/บาร์โค้ด สถานที่ สถานะ
1. วิทยาศาสตร์การแพทย์ และสุขภาพ
หนังสือสำรอง
สถานะ=หนังสือสำรอง
WS113 พ639ก ฉ.1 
  Barcode: 034011
ห้องสมุดวิทยาเขตสวรรค์ประชารักษ์
►ส่วนจัดเก็บหนังสือเก่า สปร
บนชั้น
  ขอยืม
2. วิทยาศาสตร์การแพทย์ และสุขภาพ
วิทยาศาสตร์การแพทย์ และสุขภาพ
WS113 พ639ก ฉ.2 
  Barcode: 034014
ห้องสมุดวิทยาเขตสวรรค์ประชารักษ์
►ส่วนจัดเก็บหนังสือเก่า สปร
บนชั้น
  ขอยืม

รายการใกล้เคียง
    ผู้แต่ง [พิชญวดี สุกฤตศิลป์]

    หัวเรื่อง [เลี้ยงลูก]
    หัวเรื่อง [ความฉลาดทางอารมณ์]

BibComment


ยังไม่เคยถูกคอมเมนท์

คอมเมนท์ทรัพยากรรายการนี้
  คอมเมนท์: 1001 กิจกรรมสร้า..


 Copyright 2026. Bcnsprnw @Library